| 000 | 01076cab a22002295a 4500 | ||
|---|---|---|---|
| 001 | L141372 | ||
| 008 | 071119s2007 xxkad f s 000 0 eng d | ||
| 035 | _a(Sirsi) u141372 | ||
| 041 | 0 | _aeng | |
| 100 | 1 | _aEllison, Louise | |
| 245 | 0 | 0 |
_aSocially responsible property investment _bquantifying the relationship between sustainability and investment property worth |
| 260 | _c2007 | ||
| 490 | 0 |
_aJournal of Property Research _v24(3) September 2007, 191-219(29) |
|
| 520 | _aExplores a possible link between a property asset's sustainability and its investment value. Finds that sustainability is relevant to property investment and can be analysed in relation to the potential impact on standard investment appraisal variables. Provides two worked examples to show how this appraisal approach can be created. | ||
| 590 | _aka | ||
| 651 | 4 | _aInternational | |
| 690 | _aPROPERTY-PROPERTY APPRAISAL AND VALUATION | ||
| 690 | _aENVIRONMENTAL AND LAND CONSULTANCY-SUSTAINABILITY-SUSTAINABLE DEVELOPMENT | ||
| 700 | 1 | _aSayce, Sarah | |
| 700 | 1 | _aSmith, Judy | |
| 942 | _n0 | ||
| 999 |
_c79477 _d79477 |
||